A TextBook Of Microbiology: (Record no. 204069)

MARC details
000 -LEADER
fixed length control field 00648nam a22002057a 4500
005 - DATE AND TIME OF LATEST TRANSACTION
control field 20240709144734.0
010 ## - LCCN (DPL NO)
LC control number Eng-140858
020 ## - INTERNATIONAL STANDARD BOOK NUMBER
Terms of availability 1350.00
International Standard Book Number 978-93-5501186-2
035 ## - SYSTEM CONTROL NUMBER
System control number EN-124391
037 ## - SOURCE OF ACQUISITION
Source of stock number/acquisition DBAD
082 ## - DEWEY DECIMAL CLASSIFICATION NUMBER
Classification number 576
Edition number 5e
100 ## - MAIN ENTRY--PERSONAL NAME
Personal name by Dubey,RC;
245 ## - TITLE STATEMENT
Title A TextBook Of Microbiology:
250 ## - EDITION STATEMENT
Edition statement 5e
260 ## - PUBLICATION, DISTRIBUTION, ETC. (IMPRINT)
Place of publication, distribution, etc New Delhi
Name of publisher, distributor, etc Surya Publications
Date of publication, distribution, etc 2022
270 ## - ADDRESS
City New Delhi
Address Block B-1,House No. D-1,Ground Floor, Mohan Co-operative Industria Estate, New Delhi-110-49731800
Postal code 110044
300 ## - PHYSICAL DESCRIPTION
Extent xvi, 1088pg.
Dimensions 23cm(hb).
700 ## - ADDED ENTRY--PERSONAL NAME
9 (RLIN) 68275
Personal name Maheshwari, DK
942 ## - ADDED ENTRY ELEMENTS (KOHA)
Source of classification or shelving scheme Dewey Decimal Classification
Item type English Books
Classification part 576
Edition 5e
Call number prefix DUB

No items available.


© Delhi Public Library
Hit Counter
free hit counter